| 000 | 00644nam a2200241 a 4500 | ||
|---|---|---|---|
| 005 | 20210219153317.0 | ||
| 008 | 991125n 000 0 u | ||
| 035 | _aUPN01000090838 | ||
| 100 | _aHogarth, Robin M. | ||
| 222 | _aCOGNITIVE PSYCHOLOGY | ||
| 245 | _aOrder effects in belief updating : the belief-adjustment model | ||
| 300 | _a1-55 | ||
| 362 | _a24, No. 1, 1991 | ||
| 505 | _aJunio 1992 | ||
| 653 | 0 | _aADULTOS | |
| 653 | 0 | _aCAMBIO DE ACTITUD | |
| 653 | 0 | _aCREENCIAS | |
| 653 | 0 | _aPENSAMIENTO EVALUATIVO | |
| 653 | 0 | _aPROCESOS COGNITIVOS | |
| 700 | _aEinhorn, Hillel J. | ||
| 904 |
_aAC _b028649 |
||
| 905 | _aArticulo | ||
| 999 |
_c73784 _d73784 |
||